|
|
|
|
| LEADER |
00000cam a2200000 7i4500 |
| 001 |
0000002677 |
| 005 |
20031027.0 |
| 090 |
0 |
0 |
|a C923.2595
|b SEM 2003
|
| 110 |
1 |
0 |
|a SEMINAR Bapa Kemerdekaan dan Pengasas Perpaduan Kaum
|k 2003
|j Kuala Lumpur
|
| 245 |
1 |
0 |
|a (Papers presented at ... , 10 Februari 2003, Kuala Lumpur)
|
| 260 |
0 |
0 |
|a (Kuala Lumpur :
|b Arkib Negara Malaysia ,
|c 2003)
|
| 300 |
|
|
|a Various pagings :
|b ill. ;
|c 30 cm.
|
| 500 |
0 |
0 |
|a Includes bibliographical references
|
| 600 |
0 |
0 |
|a Tunku Abdul Rahman Putra, al-Haj, 1903-1990
|x Congresses
|
| 650 |
0 |
0 |
|a Prime ministers
|z Malaysia
|x Congresses
|
| 650 |
0 |
0 |
|a Solidarity
|z Malaysia
|x Congresses
|
| 998 |
|
|
|a JPSM
|
| 999 |
|
|
|a 0000005046
|b Monograph
|c Conference kit
|e Default branch
|